Dreamland's illustrated computer encyclopedia / (Record no. 100449)
[ view plain ]
| 000 -LEADER | |
|---|---|
| fixed length control field | 00739nam a2200229 a 4500 |
| 008 - FIXED-LENGTH DATA ELEMENTS--GENERAL INFORMATION | |
| fixed length control field | |
| 020 ## - INTERNATIONAL STANDARD BOOK NUMBER | |
| International Standard Book Number | 8173014817 (pbk.) |
| 049 ## - LOCAL HOLDINGS (OCLC) | |
| Holding library | MAIN |
| 090 ## - LOCALLY ASSIGNED LC-TYPE CALL NUMBER (OCLC); LOCAL CALL NUMBER (RLIN) | |
| Classification number (OCLC) (R) ; Classification number, CALL (RLIN) (NR) | REFQA76.15 |
| 003 - CONTROL NUMBER IDENTIFIER | |
| control field | |
| 005 - DATE AND TIME OF LATEST TRANSACTION | |
| control field | 20230120191411.0 |
| 040 ## - CATALOGING SOURCE | |
| Transcribing agency | NUST |
| 245 10 - TITLE STATEMENT | |
| Title | Dreamland's illustrated computer encyclopedia / |
| Statement of responsibility, etc. | Compilation by Anil Madaan, Davinder Singh Minhas [edited by] Prashant Gupta. |
| 260 0# - PUBLICATION, DISTRIBUTION, ETC. | |
| Place of publication, distribution, etc. | New Delhi : |
| Name of publisher, distributor, etc. | Dreamland Publications, |
| Date of publication, distribution, etc. | 2001 |
| 300 ## - PHYSICAL DESCRIPTION | |
| Extent | 712 p. |
| Other physical details | ill. some col. ; |
| Dimensions | 29 cm. |
| 650 #0 - SUBJECT ADDED ENTRY--TOPICAL TERM | |
| Topical term or geographic name entry element | Computers |
| General subdivision | Dictionaries. |
| 700 ## - ADDED ENTRY--PERSONAL NAME | |
| Personal name | Minhas, Davinder Singh. |
| 700 ## - ADDED ENTRY--PERSONAL NAME | |
| Personal name | Madaan, Anil. |
| 700 ## - ADDED ENTRY--PERSONAL NAME | |
| Personal name | Gupta, Prashant. |
| 907 ## - LOCAL DATA ELEMENT G, LDG (RLIN) | |
| a | .b10121699 |
| b | 29-11-06 |
| c | 12-05-04 |
| 942 ## - ADDED ENTRY ELEMENTS (KOHA) | |
| Koha item type | Ordinary Loan Books |
| Call number prefix | REFQA76.15 |
| Date last seen | Total Checkouts | Full call number | Barcode | Cost, replacement price | Price effective from | Koha item type | Lost status | Source of classification or shelving scheme | Damaged status | Not for loan | Collection | Withdrawn status | Home library | Current library | Shelving location | Date acquired | Cost, normal purchase price |
|---|---|---|---|---|---|---|---|---|---|---|---|---|---|---|---|---|---|
| 01/20/2023 | REFQA76.15 DRE | 92003023875 | 80.00 | 01/20/2023 | REF | LCC | NFIC | MAIN | MAIN | GEN | 01/20/2023 | 80.00 |